000 00936cam a22002897a 4500
003 CHAP
005 20220329134206.0
008 971013s1970 r 00010 d
010 _a16754
011 _a17726
035 _a21810
040 _cCHAP
090 _aFolleto 1784
100 0 0 _aJames, Maurice T.
_961018
245 1 2 _aA partial revision of the Oriental Isomyia of the Viridaurea group (Diptera: Calliphoridae)
260 _aWashington :
_bSmithsonian Institution,
_c1970
300 _a14 p.
_b: ilus
490 0 _aSmithsonian contributions to zoology
_v; 67
590 _aBATCH-UPD
_b10
_c20130110
_lUCH01
_h0132
590 _aBATCH-UPD
_b10
_c20130110
_lUCH01
_h2026
590 _aCONVERSION
_b10
_c20130109
_lUCH01
_h1310
650 1 4 _aCalliphoridae.
_917554
830 0 _aSmithsonian contributions to zoology
_v; 67
_9107173
901 _aBK
942 _cFOLL
949 _aFolleto 1784
_bBC
_cFOLL
_d-50762
_eTS1
_i21810
_si
999 _c16754
_d16754